000 00529nam a2200193Ia 4500
999 _c37447
_d37447
003 OSt
005 20200923144914.0
008 190216s9999||||xx |||||||||||||| ||und||
020 _a9788176493390
040 _coclc
082 _a576
_bNIC/M
100 _aNicklin, J
_94896
245 0 _aMicrobiology /
_c J Nicklin ; K Graeme Cook ; R Killington
250 _a2nd Ed.
260 _bViva Books,
_aNew Delhi:
_c2003.
300 _a330p
650 _aZoology
942 _cBK
_2ddc
_h576
_iNIC/M
_k576
_mNIC/M